Obchodovanie na akciovom trhu bakalárska práca

Salvato in:
Dettagli Bibliografici
Autore principale: Kopál, Miroslav
Ente Autore: Fakulta podnikového manažmentu EU. Katedra podnikových financií
Altri autori: Badura, Peter, 1978-
Natura: Libro
Lingua:slovacco
Pubblicazione: Bratislava 2016
Tags: Aggiungi Tag
Nessun Tag, puoi essere il primo ad aggiungerne!!

MARC

LEADER 00000nbm a2200000 4500
001 0218278
005 20170308105653.4
041 0 |a slo 
044 |a SK 
245 1 0 |a Obchodovanie na akciovom trhu  |b bakalárska práca  |c Miroslav Kopál ; školiteľ: Peter Badura 
264 1 |a Bratislava  |c 2016 
300 |a 48 s. 
100 1 |a Kopál, Miroslav 
700 1 |a Badura, Peter, 1978- 
710 2 |a Fakulta podnikového manažmentu EU. Katedra podnikových financií